Day in every languages / jours dans toutes les langues - Statistiques

Statistiques générales
  • Ce quiz a été pris 25 fois
    21 depuis la dernière actualisation
  • Le résultat moyen est 33 sur 147
Statistiques - réponses
Hint Réponse % Correct
English (5) Friday
100%
English (1) Monday
100%
English (7) Sunday
100%
English (2) Tuesday
100%
Français (7) Dimanche
93%
Français (4) Jeudi
93%
Français (1) Lundi
93%
Français (2) Mardi
93%
Français (3) Mercredi
93%
Français (6) Samedi
93%
English (6) Saturday
93%
English (4) Thursday
93%
Français (5) Vendredi
93%
English (3) Wednesday
93%
Español (2) Martes
79%
Español (4) Jueves
71%
Español (1) Lunes
71%
Español (3) Miércoles
71%
Deutsch (1) Montag
64%
Deutsch (2) Dienstag
57%
Deutsch (4) Donnerstag
57%
Deutsch (5) Freitag
57%
Deutsch (3) Mittwoch
57%
Deutsch (6) Samstag
57%
Deutsch (7) Sonntag
57%
Español (7) | Português (7) Domingo
50%
Español (5) Viernes
50%
Italiano (7) Domenica
43%
Italiano (1) Lunedì
43%
Italiano (3) Mercoledì
43%
Español (6) | Português (6) Sábado
43%
Italiano (2) Martedì
36%
Italiano (5) Venerdì
36%
Italiano (4) Giovedì
29%
Italiano (6) Sabato
29%
Português (3) Quarta-feira
21%
Português (4) Quinta-feira
21%
Português (1) Segunda-feira
21%
Português (5) Sexta-feira
21%
Português (2) Terça-feira
21%
Polski/Polish (4) Czwartek
14%
Lëtzebuergesch/Luxembourg (2) Dënschdeg
14%
Lëtzebuergesch/Luxembourg (4) Donneschdeg
14%
Dansk/Danish (5) Fredag
14%
Lëtzebuergesch/Luxembourg (5) Freideg
14%
Nederland/Dutch (1) Maandag
14%
Dansk/Danish (1) Mandag
14%
Română (Romanian) (2) Marți
14%
Lëtzebuergesch/Luxembourg (3) Mëttwoch
14%
Polski/Polish (7) Niedziela
14%
Dansk/ Danish (3) Onsdag
14%
Polski/Polish (5) Piątek
14%
Polski/Polish (1) Poniedziałek
14%
Lëtzebuergesch/Luxembourg (6) Samschdeg
14%
Polski/Polish (6) | čeština/Czech (6) Sobota
14%
Lëtzebuergesch/Luxembourg (7) Sonndeg
14%
Polski/Polish (3) Środa
14%
Dansk/Danish (4) Torsdag
14%
Polski/Polish (2) Wtoreck
14%
Lietuvių/Lithuanian (2) Antradienis
7%
Latviešu(Latvian) (4) Ceturtdiena
7%
Magyar/Hungarian (4) Csütörtök
7%
čeština/Czech (4) Čtvrtek
7%
Nederland/Dutch (2) Dinsdag
7%
Nederland/Dutch (4) Donderdag
7%
Română (Romanian) (7) Duminică
7%
Eesti (Estonian) (1) Esmaspäev
7%
Română (Romanian) (4) Joi
7%
Magyar/Hungarian (2) Kedd
7%
Lietuvių/Lithuanian (4) Ketvirtadienis
7%
Eesti (Estonian) (3) Kolmapäev
7%
Eesti (Estonian) (6) Laupäev
7%
Dansk/Danish (6) Lørdag
7%
Română (Romanian) (1) Luni
7%
Lëtzebuergesch/Luxembourg (1) Méindeg
7%
Română (Romanian) (3) Miercuri
7%
čeština/Czech (7) Neděle
7%
Eesti (Estonian) (4) Neljapäev
7%
Latviešu(Latvian) (2) Otrdiena
7%
čeština/Czech (5) Pátek
7%
Lietuvių/Lithuanian (5) Penktadienis
7%
Magyar/Hungarian (5) Péntek
7%
Latviešu(Latvian) (5) Piektdiena
7%
Lietuvių/Lithuanian (1) Pirmadienis
7%
Latviešu(Latvian) (1) Pirmdiena
7%
čeština/Czech (1) Pondělí
7%
Eesti (Estonian) (7) Pühapäev
7%
Eesti (Estonian) (5) Reede
7%
Română (Romanian) (6) Sâmbătă
7%
Lietuvių/Lithuanian (7) Sekmadienis
7%
Lietuvių/Lithuanian (6) Šeštadienis
7%
Latviešu(Latvian) (6) Sestdiena
7%
Dansk/Danish (7) Søndag
7%
čeština/Czech (3) Středa
7%
Latviešu(Latvian) (7) Svētdiena
7%
Magyar/Hungarian (3) Szerda
7%
Magyar/Hungarian (6) Szombat
7%
Eesti (Estonian) (2) Teisipäev
7%
Dansk/Danish (2) Tirsdag
7%
Latviešu(Latvian) (3) Trešdiena
7%
čeština/Czech (2) Úterý
7%
Magyar/Hungarian (7) Vasárnap
7%
Română (Romanian) (5) Vineri
7%
Nederland/ Dutch (5) Vrijdag
7%
Nederland/Dutch (3) Woensdag
7%
Nederland/ Dutch (6) Zaterdag
7%
Nederland/ Dutch (7) Zondag
7%
عرب (Arabic) (7) الأحد (ahad)
0%
عرب (Arabic) (3) الأربعاء (arba3a)
0%
български (Bulgarian) (4) ЧЕТВЪРТЪК (chetv’rt”k)
0%
Ελληνικά(grec) (1) Δευτέρα (deftéra)
0%
日本語 (Japanese) (6) 土曜日 (doyōbi)
0%
日本語 (Japanese) (1) 月曜日 (getsuyōbi)
0%
한국인 (Korean) (5) 금요일 (geumyoil)
0%
Magyar/Hungarian (1) Héftő
0%
한국인 (Korean) (2) 화요일 (hwayoil)
0%
한국인 (Korean) (7) 일요일 (iryoil)
0%
عرب (Arabic) (1) الاثنين (ithnayn)
0%
عرب (Arabic) (5) الجمعة (joumouàa)
0%
日本語 (Japanese (2) 火曜日 (kayōbi)
0%
عرب (Arabic) (4) الخميس (khamiss)
0%
日本語 (Japanese) (5) 金曜日 (kin’yōbi)
0%
Ελληνικά(grec) (7) Κυριακή (kiriakí)
0%
한국인 (Korean) (4) 목요일 (Mogyoil)
0%
日本語 (Japanese) (4) 木曜日 (mokuyōbi)
0%
български (Bulgarian) (7) неделя (nedelja)
0%
日本語 (Japanese) (7) 日曜日 (nichiyōbi)
0%
Ελληνικά(grec) (5) Παρασκευή (paraskeví)
0%
Ελληνικά(grec) (4) ΠΕΜΠΤΗ (pémpti)
0%
български (Bulgarian) (5) петък (pet”k)
0%
български (Bulgarian) (1) понеделник (ponedelnik)
0%
عرب (Arabic) (6) السبت (sabt)
0%
Ελληνικά(grec) (6) ΣΑΒΒΑΤΟ (sávvato)
0%
български (Bulgarian) (6) СЪБОТА ( s”bota)
0%
български (Bulgarian) (3) сряда (srjada)
0%
日本語 (Japanese) (3) 水曜日 (suiyōbi)
0%
한국인 (Korean) (3) 수요일 (suyoil)
0%
Ελληνικά(grec) (3) Τετάρτη (tetárti)
0%
عرب (Arabic) (2) الثلاثاء (thalatha)
0%
한국인 (Korean) (6) 토요일 (Toyoil)
0%
Lietuvių/Lithuanian (3) Trečiadienis
0%
Ελληνικά(grec) (2) Τρίτη (tríti)
0%
български (Bulgarian) (2) вторник (vtornik)
0%
한국인 (Korean) (1) 월요일 (woryoil)
0%
Aucun quiz correspondant
Distribution des résultats
% des personnes avec chaque résultat
Percentile par nombre de réponses
Votre historique - résultats
Vous n’avez pas pris ce quiz depuis la dernière actualisation